000 01236cam a2200325 a 4500
001 13531
003 BD-RjUL
005 20211208235453.0
008 140201s2009 dcu b 001 0 eng
020 _a9781597264396 (cloth : alk. paper)
020 _a1597264393 (cloth : alk. paper)
020 _a9781597264402 (pbk. : alk. paper)
020 _a1597264407 (pbk. : alk. paper)
035 _a(BD-RUCL)
040 _aDLC
_cBD-RUCL
_dBD-RUCL
_dDLC
_beng
041 _aeng
082 0 0 _a333.75160973
_222
_bTUR 2009
100 1 _aTurner, Tom,
_d1942-
_942246
245 1 0 _aRoadless rules :
_bthe struggle for the last wild forests /
_cTom Turner.
260 _aWashington, DC :
_bIsland Press,
_cc2009.
300 _axiv, 171 p. ;
_c23 cm.
504 _aIncludes bibliographical references (p. 159-161) and index.
650 0 _aForest conservation
_xGovernment policy
_zUnited States
_xHistory.
_942247
650 0 _aForest roads
_xGovernment policy
_zUnited States
_xHistory.
_942248
650 0 _aForest policy
_xGovernment policy
_zUnited States
_xHistory.
_942249
856 4 1 _3Table of contents only
_uhttp://www.loc.gov/catdir/toc/ecip0823/2008030849.html
942 _2ddc
_cBK
999 _c13531
_d13531